Principy techniky kanban uplatňované ve výrobních i distribučních systémech
Obsahové vymedzenie pojmu kanban. Princíp a využitie techniky kanban v logistickom riadení výroby a dodávok. Plánovanie výroby a dodávok v systémoch opakovaných dodávok s veľkou zotrvačnosťou v odbyte.
Guardado en:
| Autor principal: | |
|---|---|
| Formato: | Capítulo de libro |
| Lenguaje: | checo |
| Materias: | |
| Etiquetas: |
Sin Etiquetas, Sea el primero en etiquetar este registro!
|
MARC
| LEADER | 00000naa a2200000 4500 | ||
|---|---|---|---|
| 001 | r044517 | ||
| 005 | 20231003123524.4 | ||
| 041 | 0 | |a cze | |
| 044 | |a CZ | ||
| 245 | 1 | 0 | |a Principy techniky kanban uplatňované ve výrobních i distribučních systémech |c Radovan Novotný |
| 520 | |a Obsahové vymedzenie pojmu kanban. Princíp a využitie techniky kanban v logistickom riadení výroby a dodávok. Plánovanie výroby a dodávok v systémoch opakovaných dodávok s veľkou zotrvačnosťou v odbyte. | ||
| 610 | 2 | 0 | |a riadenie výroby |
| 610 | 2 | 0 | |a systémy výrobné |
| 610 | 2 | 0 | |a logistika |
| 610 | 2 | 0 | |a plánovanie výroby |
| 610 | 2 | 0 | |a plánovanie zásob |
| 610 | 2 | 0 | |a informácie vnútropodnikové |
| 610 | 2 | 0 | |a distribúcia |
| 610 | 2 | 0 | |a kanban |
| 100 | 1 | |a Novotný, Radovan | |